[Event "VII Torneo Banco di Roma B"]
[Site "Roma ITA"]
[Date "1983.02.??"]
[Round "8"]
[White "Martorelli, Antonio"]
[Black "Danner, Georg"]
[Result "1-0"]
[WhiteElo "2250"]
[BlackElo "2420"]
[PlyCount "115"]
[EventDate "1983.02.19"]

1. e4 c5 2. Nf3 d6 3. d4 cxd4 4. Nxd4 Nf6 5. Nc3 a6 6. g3 e5 7. Nb3 b5 8. Bg2
Bb7 9. Bg5 Nbd7 10. a4 b4 11. Nd5 Bxd5 12. exd5 Be7 13. a5 O-O 14. O-O Rb8 15.
Qd3 Rb5 16. Rfd1 Qc7 17. Rac1 Qb7 18. Qe2 h6 19. Bd2 Bd8 20. Qc4 Be7 21. Qc6
Rc8 22. Qxb7 Rxb7 23. Bf1 Nb8 24. Be3 Bd8 25. f4 Ng4 26. Bd2 exf4 27. Bh3 h5
28. Bxf4 Be7 29. Nd4 g5 30. Bd2 Nd7 31. Nc6 Nde5 32. Bg2 Nxc6 33. dxc6 Rb5 34.
Bf1 Rxa5 35. Bxb4 Rf5 36. Bxd6 Bd8 37. c7 Rxc7 38. Bd3 Rf6 39. Bxc7 Bxc7 40.
Rf1 Bb6+ 41. Kh1 Nf2+ 42. Kg2 h4 43. gxh4 gxh4 44. h3 Bd4 45. Ra1 Bxb2 46. Rxa6
Nxd3 47. Raxf6 Bxf6 48. cxd3 Be5 49. Kf3 Kf8 50. Re1 Bg3 51. Re2 f6 52. Kg4 Kf7
53. Kf5 Bc7 54. Re4 Bg3 55. d4 Bf2 56. d5 Bg3 57. Re6 Be5 58. d6 1-0

[Event "VII Torneo Banco di Roma B"]
[Site "Roma ITA"]
[Date "1983.02.??"]
[Round "8"]
[White "Sibilio, Mario"]
[Black "Roos, Daniel"]
[Result "1-0"]
[WhiteElo "2250"]
[BlackElo "2415"]
[PlyCount "69"]
[EventDate "1983.02.19"]

1. b3 e5 2. Bb2 Nc6 3. e3 d6 4. c4 g6 5. Nc3 Bg7 6. g3 f5 7. Bg2 Nf6 8. Nge2
O-O 9. O-O Be6 10. d4 Bf7 11. d5 Ne7 12. Qd2 Qd7 13. h3 c6 14. dxc6 bxc6 15.
Rfd1 Rad8 16. Na4 Qc7 17. Rac1 d5 18. cxd5 Bxd5 19. Qc2 Bxg2 20. Kxg2 Nfd5 21.
Qc4 Kh8 22. Nc5 Qc8 23. Ng1 f4 24. exf4 exf4 25. Bxg7+ Kxg7 26. g4 h5 27. Qe4
Rf6 28. Re1 f3+ 29. Kh1 Rdd6 30. g5 Rf5 31. Qd4+ Kf7 32. Rxe7+ Kxe7 33. Qg7+
Kd8 34. Nb7+ Qxb7 35. Qxb7 1-0

[Event "VII Torneo Banco di Roma B"]
[Site "Roma ITA"]
[Date "1983.02.??"]
[Round "9"]
[White "Danner, Georg"]
[Black "Sibilio, Mario"]
[Result "1/2-1/2"]
[WhiteElo "2420"]
[BlackElo "2250"]
[PlyCount "71"]
[EventDate "1983.02.19"]

1. d4 g6 2. c4 Bg7 3. Nc3 d6 4. e4 Nc6 5. d5 Nd4 6. Be3 c5 7. Nge2 Qb6 8. Qd2
Bd7 9. Rd1 Nxe2 10. Bxe2 f5 11. exf5 Bxf5 12. O-O Nf6 13. Bd3 Bc8 14. Bh6 O-O
15. Bxg7 Kxg7 16. f4 Bg4 17. Rde1 Rae8 18. f5 Bxf5 19. Bxf5 gxf5 20. Rxf5 Ng8
21. Rh5 Nf6 22. Rh4 Rf7 23. h3 Rg8 24. Re2 Kf8 25. Qd3 Rgg7 26. Rf2 Nd7 27.
Rhf4 Ne5 28. Qe3 Rxf4 29. Qxf4+ Rf7 30. Qh6+ Ke8 31. Rxf7 Nxf7 32. Qxh7 Qxb2
33. Qg8+ Kd7 34. Qg4+ Kd8 35. Qg8+ Kd7 36. Qg4+ 1/2-1/2

[Event "VII Torneo Banco di Roma B"]
[Site "Roma ITA"]
[Date "1983.02.??"]
[Round "9"]
[White "Roos, Daniel"]
[Black "Gobet, Fernand"]
[Result "1/2-1/2"]
[WhiteElo "2415"]
[BlackElo "2410"]
[PlyCount "24"]
[EventDate "1983.02.19"]

1. e4 c5 2. Nc3 Nc6 3. g3 g6 4. Bg2 Bg7 5. d3 d6 6. f4 e6 7. Nf3 Nge7 8. O-O
O-O 9. Be3 Nd4 10. Rb1 Nec6 11. Ne2 Nxe2+ 12. Qxe2 Nd4 1/2-1/2